Quizzes
Events
Quiz Creation
Community
Videos
Private Events
Remove Ads
Sign In
Join for FREE
Feedback
Dark Mode
Quiz Categories
Sports
Geography
Music
Movies
Television
Just For Fun
Miscellaneous
History
Literature
Language
Science
Gaming
Entertainment
Religion
Holiday
For Kids
Quiz Lab
Recent
Popular Today
Quiz Kudos Today
Editor Picks
Curator Picks
Quizzes by...
Day
Popularity
Type
Ratings
Length
Year
Community
Subscriptions
Recent Discussions
Orange Saloon
Badges
Playlists
Quests
Create
Leaderboards
Showdown
Live 5
Trivia Bingo
Activity
Puzzle Library
Sporcle Events
Private Events
Virtual Trivia
Globe League
Become a Host
Pub Owners
SporcleCon
Opinionation
Our Games
Videos
Blog
Mobile Apps
Partnerships
Remove Ads and Go Orange
Feedback
Just For Fun
Clickable
Get the Picture
Humor
Quick Pick
Word Ladder
Missing Word
Mixed Word
Blitz
Minefield
This or That
Alphabet
Color
Typing
Sporcle
Puzzle
Word Play
Follow That Line
Logic
Just For Fun
Clickable
Get the Picture
Humor
Quick Pick
Word Ladder
Missing Word
Mixed Word
Blitz
Minefield
This or That
Alphabet
Color
Typing
Sporcle
Puzzle
Word Play
Follow That Line
Logic
Random Quiz
Search Sporcle
×
Quiz Lab
Quiz Lab
Just For Fun
Top 10
Type in answers that appear in a list
Type in answers that appear in a list
Classic
Best Score? Go Orange.
Press space 300 times! Stats
Can you name the ways to break your space bar!?
By
jagobot
60s
300 Questions
12.9K Plays
12,899 Plays
12,899 Plays
Comments
Comments
Give Quiz Kudos
Give Quiz Kudos
-
- Ratings
hide this ad
Forced Order
Answers have to be entered in order
Answers have to be entered in order
Replay
Link that replays current quiz
Next Quiz
Link to next quiz in quiz playlist
You Got
0%
They Got
Avg Score
90%
Avg Friend Score
Upgrade to see
Score Distribution
Jump to the score distribution portion of the page
Score
0/300
Timer
01:00
0
Plays Today
% Correct
99.7%
99.5%
99.4%
99.4%
99.3%
99.2%
99.2%
99.1%
99.1%
99%
98.9%
98.9%
98.8%
98.7%
98.7%
98.6%
98.5%
98.4%
98.4%
98.3%
98.3%
98.2%
98.2%
98.1%
98.1%
98%
98%
97.8%
97.8%
97.7%
97.7%
97.6%
97.6%
97.5%
97.4%
97.3%
97.3%
97.2%
97.1%
97%
97%
96.8%
96.7%
96.7%
96.6%
96.5%
96.4%
96.3%
96.2%
96.2%
96.1%
96.1%
96%
95.9%
95.9%
95.8%
95.7%
95.7%
95.7%
95.6%
95.5%
95.5%
95.4%
95.4%
95.3%
95.3%
95.2%
95.2%
95.1%
95.1%
95%
95%
94.9%
94.9%
94.8%
94.7%
94.7%
94.6%
94.6%
94.5%
94.4%
94.4%
94.4%
94.3%
94.3%
94.2%
94.2%
94.1%
94.1%
94%
93.9%
93.9%
93.9%
93.8%
93.8%
93.7%
93.7%
93.6%
93.6%
93.5%
% Correct
93.5%
93.5%
93.5%
93.5%
93.5%
93.4%
93.4%
93.3%
93.2%
93.2%
93.2%
93.1%
93%
93%
93%
93%
92.9%
92.8%
92.8%
92.8%
92.7%
92.7%
92.7%
92.7%
92.7%
92.6%
92.6%
92.6%
92.5%
92.5%
92.4%
92.4%
92.4%
92.3%
92.3%
92.3%
92.2%
92.2%
92.1%
92.1%
92.1%
92.1%
92%
91.9%
91.9%
91.9%
91.9%
91.8%
91.7%
91.7%
91.7%
91.6%
91.5%
91.5%
91.5%
91.4%
91.4%
91.3%
91.3%
91.2%
91.2%
91.1%
91.1%
91.1%
91%
91%
90.9%
90.8%
90.8%
90.8%
90.7%
90.7%
90.6%
90.5%
90.5%
90.4%
90.4%
90.4%
90.3%
90.2%
90.2%
90.2%
90.1%
90.1%
90.1%
90%
90%
89.9%
89.9%
89.8%
89.8%
89.8%
89.7%
89.7%
89.6%
89.5%
89.5%
89.4%
89.4%
89.3%
% Correct
89.3%
89.2%
89.2%
89.2%
89.1%
89.1%
89.1%
89.1%
89%
88.9%
88.9%
88.8%
88.8%
88.7%
88.7%
88.6%
88.6%
88.5%
88.5%
88.4%
88.4%
88.4%
88.3%
88.3%
88.2%
88.1%
88%
88%
87.9%
87.8%
87.8%
87.7%
87.6%
87.5%
87.4%
87.3%
87.2%
87.1%
87%
86.9%
86.8%
86.7%
86.6%
86.5%
86.3%
86.2%
86.1%
86%
85.9%
85.8%
85.6%
85.5%
85.4%
85.2%
85.1%
84.9%
84.8%
84.7%
84.5%
84.4%
84.2%
84.1%
83.9%
83.7%
83.6%
83.5%
83.3%
83.1%
83%
82.8%
82.6%
82.4%
82.2%
82.1%
81.9%
81.7%
81.6%
81.3%
81.1%
80.9%
80.8%
80.5%
80.3%
80%
79.8%
79.4%
79.2%
78.8%
78.6%
78.3%
78.1%
77.8%
77.6%
77.3%
77.1%
76.8%
76.6%
76.3%
76.1%
75.9%
Quiz Playlist
Details
Report
Send in Message
Add To Playlist
Classic:
Type in answers that appear in a list
Forced Order:
Answers have to be entered in order
Last Updated: Jun 5, 2017
Quiz Scoreboard
CHALLENGE
Sign Up to Join the Scoreboard
Show All
Scores
Hide
Comments
May contain spoilers
Recently Published
Popular People in 1961
by mucciniale
History
6m
1-10 Letter E Words III
by El_Dandy
Language
2m
One Thing in Common: World Cities II
by knightlancer
Geography
7m
More to Explore
Quiz From the Vault
Featured Blog Post
Where Did the Easter Bunny Come From?
hide this ad
You Might Also Like...
Tags
300
Amazing
bar
Best Screenplay
Hello World
press
Qwerty
QWERTY Keyboard
space
Top 10
Today's Top Quizzes in Just For Fun
Browse Just For Fun
hide this ad
Today's Top Quizzes in Top 10
Browse Top 10
Top Contributed Quizzes in Just For Fun
1
Harry Potter Logic - 'In Chains' II
2
Survivor Winners Logic Puzzle
3
Crossword Whiteout! 49
4
Letter's Position in the Alphabet Blitz
5
Thermometer Puzzle 25
6
Aquarium Logic Puzzle 17
7
Big Thermometer Puzzle 21
8
Clickable 1 to 100 Minefield
9
K-Pop Idol Olympics Logic Quiz II
10
Tapa Puzzle
Explore More
Trending Topics
Kpop
Disney
NBA
Crossword
Anime
Harry Potter
Marvel
Country
Soccer
NFL
WWE
Pokémon
The Office
Song
Puzzle
hide this ad
More By:
jagobot
Quiz
Plays
Rating
Category
Featured
Created
Press space 300 times!
12,899
3.55
Just For Fun
Jul 2, 2012
1 - 100 clickable
1,912
2.33
Just For Fun
Jul 19, 2012
minecraft Items
1,412
2.22
Gaming
Jun 27, 2012
5 star
407
1.33
Entertainment
Jul 19, 2012
Name the mobs 1.2.5
308
2.00
Gaming
Jun 28, 2012
Go to Creator's Profile
Score Distribution
Quiz Creator Spotlight
jagobot
Follow
Send a Message
Quizzes Created
-
Created Quiz Play Count
-
More By This Creator
Popular Quizzes Today
1
Find the US States - No Outlines Minefield
2
The Countries of the World
3
Find the Countries of Europe - No Outlines Minefield
4
Popular People in 1961
5
1-10 Letter E Words III
6
Find the US States
7
One Thing in Common: World Cities II
8
US States
More Just For Fun Quizzes
Missing Word: Number One Songs
Published
Trending Quizzes
Risky Map Clicking: Least Populous States A-Z
1-10 Letter F Words
1-10 Letter G Words
One Thing in Common: United Kingdom
Risky Map Clicking: Next State Alphabetically
Recently Updated
Leaping Animals
pecheneg
Reality TV Shows (A-Z)
bhenderson79
Rickey Henderson's Hall of Fame Teammates
pecheneg
Champions League XIs: Arsenal
pecheneg
Quick Pick: Celebrities in WWE's Hall of Fame
aduchscher
A-Z Keypad Blitz II
pecheneg
Multiple Oscar Actors
pecheneg
Mystery Phrase Blitz: Oscar 'Best Actors'
pecheneg
F. Scott Fitzgerald Novels
LTH
Pick 3 Villains
ddd62291
Trending Topics
NBA
Crossword
Marvel
Harry Potter
Anime
Kpop
Disney
Country
Soccer
Puzzle
NFL
Pokémon
The Office
WWE
Song
Your Account Isn't Verified!
In order to create a playlist on Sporcle, you need to verify the email address you used during registration. Go to your
Sporcle Settings
to finish the process.
Report this User
Report this user for behavior that violates our
Community Guidelines
.
Details:
Send Report
Go to the Sporcle.com Mobile Site →
Comments